000 00848nam a22002177a 4500
005 20240530110557.0
008 160317s2012 su g 000 0 ara d
017 _a1433/5334
_bالسعودية . مكتبة الملك فهد الوطنية
020 _a9786035032206
040 _aEG-CaGPL
082 0 4 _221
_a214.3\
_bن ح
100 0 _aنعمان عبدالرزاق السامرائى
245 1 2 _aالحياة تدافع ام تصارع :
_b( الحق و الباطل ) /
_cنعمان عبدالرزاق السامرائى
250 _aط1
260 _aالسعودية :
_bالعبيكان للنشر ،
_c2012 .
300 _a368 ص ؛
_c19 سم .
650 0 4 _aالاسلام
_xمقالات و محاضرات
650 0 4 _aالاسلام و المجتمع
942 _2ddc
_cBK
999 _c62592
_d62592